Derecho Colectivo del Trabajo /

Guardado en:
Autor Principal: Etala, Carlos Alberto
Formato: Libro
Idioma:Spanish
Publicado: Buenos Aires : Astrea, 2017.
Edición:3a. ed.
Materias:
Etiquetas: Agregar Etiqueta
Sin Etiquetas, Sea el primero en etiquetar este registro!
LEADER 00568nam a22001691a 4500
001 DER.der013684
008 100224s2017####ag#||||||||||||||#||spa##
005 20251008173618.0
245 1 0 |a Derecho Colectivo del Trabajo /  |c Carlos Alberto Etala. 
250 |a 3a. ed. 
260 |a Buenos Aires :  |b Astrea,  |c 2017. 
300 |a 589 p. 
500 |a Asociaciones sindicales. Convenios colectivos. Conflictos. Conciliación y arbitraje. Huelga. 
020 |a 9789877061840 
100 1 |a Etala, Carlos Alberto 
650 7 |a DERECHO LABORAL 
859 |a DERECHO  |b BIB. DERECHO  |h 344  |i ETA  |p 008725  |t 1